Random Final Jeopardy! 2 Quiz Stats

 Plays Quiz not verified by Sporcle

Challenge
Share
Tweet
Embed
Score 0/17 Timer 10:00
0 Plays Today
Clue Correct Response % Correct
Chocolate Avenue & Cocoa Avenue are 2 of the main thoroughfares in this town that was established in 1903Hershey, Pennsylvania
79.6%
This consonant begins the last names of five presidents, more than any other letterH
60.1%
As part of 1997 changes to its industrial average group, Dow Jones replaced Woolworth with this retailerWal-Mart
46.2%
In 1826 Daniel Webster eulogized these 2 men, saying, 'They took their flight together to the world of spirits'Thomas Jefferson & John Adams
38.6%
This U.S. event was set after the harvest, on a day when rural folk could get there without having to travel on SundayElection Day
33.5%
A Civil War general, he was the last man to go directly from the House of Representatives to the presidencyJames A. Garfield
28.4%
This Best Picture had the shortest title, using only 2 different lettersGiGi
22%
In 1994, after a 20-year absence, this country's delegation was allowed to be seated in the U.N. General AssemblySouth Africa
20.4%
This director of an Oscar-winning film is fighting to preserve Angel Island, site of a former immigration station in S.F. BayAng Lee
19.9%
Clue Correct Response % Correct
In 2002 H&R Block used a version of this 1966 song in its TV commercials'Taxman'
15.9%
When it became a national park in 1919, it got this name used by the locals because it seemed like heaven on EarthZion National Park
13.5%
This symbol incorporates the semaphore signs for the letters N & D, for nuclear disarmamentThe Peace Symbol
13.5%
This character is described as 'a howling monster', 'a most scurvy monster' & 'some monster of the isle'Caliban
10.5%
By 1948, all but one of the 9 in this group charged in a 1931 crime had been freedThe Scottsboro Boys
5.7%
The main green of this university includes statues of Ira Allen, its founder, & Lafayette, who visited in 1825University of Vermont
5.3%
In 1912 he began creating abstact sculptures of Maiastra, a bird in Romanian legendsConstantin Brancusi
3.1%
Commander Lloyd M. Bucher was the last captain of this U.S. shipU.S.S. Pueblo
2.1%

You're not logged in!

Compare scores with friends on all Sporcle quizzes.
Join for Free
OR
Log In

You Might Also Like...

Show Comments

Extras

Created Jul 13, 2010ReportNominate
Tags:category, final, jeopardy, response

Top Quizzes Today


Score Distribution

Your Account Isn't Verified!

In order to create a playlist on Sporcle, you need to verify the email address you used during registration. Go to your Sporcle Settings to finish the process.

Report this User

Report this user for behavior that violates our Community Guidelines.

Details: